[Event "Play for Durgesh Fundraiser Blitz"]
[Site "Vishy Anand Arena"]
[Date "2020.09.19"]
[Round "9"]
[White "Advait30"]
[Black "Furace"]
[Result "1-0"]
[WhiteElo "1931"]
[BlackElo "1951"]
[Annotator "NA"]
[PlyCount "69"]
[EventDate "2020.09.19"]
[EventType "swiss (blitz)"]

1. e4 c5 2. Nf3 d6 3. Bb5+ Bd7 4. Bxd7+ Qxd7 5. O-O Nf6 6. Re1 Nc6 7. c3 e6 8. d4 cxd4 9. cxd4 d5 10. e5 Ne4 11. Nbd2 Nxd2 12. Bxd2 Bb4 13. Bxb4 Nxb4 14. Qb3 Rc8 15. Qxb4 Rc4 16. Qa3 b5 17. Rac1 b4 18. Qd3 Qc6 19. Rxc4 dxc4 20. Rc1 cxd3 21. Rxc6 Kd7 22. Rc1 g5 23. Kf1 g4 24. Nd2 Rc8 25. Rxc8 Kxc8 26. Nc4 d2 27. Nxd2 Kc7 28. Ke2 Kc6 29. g3 Kd5 30. Kd3 h5 31. Ne4 a5 32. Nf6+ Kc6 33. Nxh5 Kc7 34. Nf6 b3 35. a3 1-0

[Event "Play for Durgesh Fundraiser Blitz"]
[Site "Vishy Anand Arena"]
[Date "2020.09.19"]
[Round "9"]
[White "MMT2007"]
[Black "Leolek"]
[Result "0-1"]
[WhiteElo "1929"]
[BlackElo "2216"]
[Annotator "NA"]
[PlyCount "94"]
[EventDate "2020.09.19"]
[EventType "swiss (blitz)"]

1. d4 Nc6 2. c4 e5 3. d5 Bb4+ 4. Bd2 Bxd2+ 5. Nxd2 Nce7 6. e4 Nf6 7. g3 O-O 8. Bg2 d6 9. Ne2 Ng6 10. O-O a5 11. b3 Bd7 12. f4 exf4 13. gxf4 Re8 14. Ng3 c6 15. Qf3 Qb6+ 16. Qf2 Qxf2+ 17. Rxf2 Ng4 18. Rff1 a4 19. b4 Ne3 20. Rf2 a3 21. Rc1 Ra4 22. b5 cxb5 23. cxb5 Bxb5 24. Re1 Nc2 25. Rd1 Rb4 26. e5 dxe5 27. fxe5 Nxe5 28. d6 Rd4 29. Nf5 Rd3 30. Bf1 Nb4 31. Bxd3 Nbxd3 32. Rg2 g6 33. Ne7+ Kf8 34. Ne4 Rd8 35. Nc3 Bc4 36. Rg3 Rxd6 37. Ned5 Nc5 38. Re3 f6 39. Rd2 Kg7 40. h4 h5 41. Rd4 b5 42. Kg2 Ne6 43. Rd1 Bxd5+ 44. Nxd5 Rxd5 45. Rxd5 Nf4+ 46. Kf2 Nxd5 47. Rd3 Nxd3+ 0-1

[Event "Play for Durgesh Fundraiser Blitz"]
[Site "Vishy Anand Arena"]
[Date "2020.09.19"]
[Round "9"]
[White "Kaspypran"]
[Black "Dev11"]
[Result "1-0"]
[WhiteElo "1902"]
[BlackElo "1729"]
[Annotator "NA"]
[PlyCount "43"]
[EventDate "2020.09.19"]
[EventType "swiss (blitz)"]

1. d4 Nf6 2. Bf4 d5 3. e3 Nbd7 4. Nf3 e6 5. h3 c5 6. c3 Qb6 7. Qc2 Be7 8. Nbd2 O-O 9. Ne5 cxd4 10. exd4 a5 11. Bd3 h6 12. O-O Bd6 13. Ndf3 Rb8 14. Qd2 Bxe5 15. Nxe5 Nxe5 16. Bxe5 Bd7 17. Bxf6 gxf6 18. Qxh6 f5 19. Rae1 Qxb2 20. Re3 f6 21. Qg6+ Kh8 22. Rg3 1-0

[Event "Play for Durgesh Fundraiser Blitz"]
[Site "Vishy Anand Arena"]
[Date "2020.09.19"]
[Round "9"]
[White "knowledge_gm"]
[Black "Saathwikthegreat"]
[Result "1-0"]
[WhiteElo "1900"]
[BlackElo "1619"]
[PlyCount "33"]
[EventDate "2020.09.19"]
[EventType "swiss (blitz)"]

1. e4 c5 2. Nf3 Nc6 3. Bb5 g6 4. Bxc6 bxc6 5. O-O Bg7 6. Re1 e5 7. c3 f6 8. d4 cxd4 9. cxd4 exd4 10. Nxd4 Ne7 11. Qb3 d5 12. exd5 Qxd5 13. Qxd5 cxd5 14. Nc6 Bf8 15. b3 Bd7 16. Nxe7 Bxe7 17. Ba3 1-0

[Event "Play for Durgesh Fundraiser Blitz"]
[Site "Vishy Anand Arena"]
[Date "2020.09.19"]
[Round "9"]
[White "aanjaneya"]
[Black "Kingofall"]
[Result "0-1"]
[WhiteElo "1895"]
[BlackElo "1962"]
[Annotator "NA"]
[PlyCount "94"]
[EventDate "2020.09.19"]
[EventType "swiss (blitz)"]

1. e4 e5 2. Nf3 Nc6 3. d4 exd4 4. Nxd4 Nf6 5. Nxc6 bxc6 6. e5 Qe7 7. Qe2 Nd5 8. c4 Ba6 9. Nd2 Nb6 10. b3 g6 11. Bb2 Bg7 12. Ne4 O-O 13. Nf6+ Bxf6 14. exf6 Qxe2+ 15. Bxe2 Rfe8 16. f3 Nxc4 17. Kf2 Rxe2+ 18. Kxe2 Nxb2+ 19. Kd2 Nd3 20. Rad1 Re8 21. Kc3 Re6 22. Rxd3 Bxd3 23. Kxd3 Rxf6 24. Re1 Rd6+ 25. Kc4 Kf8 26. Re2 Rd1 27. Kb4 Rd5 28. a4 a5+ 29. Kc4 h5 30. b4 f6 31. bxa5 Rxa5 32. Kb4 Ra8 33. Rd2 Ke7 34. a5 d6 35. Rc2 Kd7 36. Re2 c5+ 37. Kb5 Rb8+ 38. Ka6 c4 39. Ka7 Rb1 40. a6 d5 41. Ka8 c6 42. a7 c3 43. g4 d4 44. gxh5 gxh5 45. Rc2 Kc7 46. h4 Re1 47. f4 Re8# 0-1

[Event "Play for Durgesh Fundraiser Blitz"]
[Site "Vishy Anand Arena"]
[Date "2020.09.19"]
[Round "9"]
[White "Atri Chattopadhyay"]
[Black "AyushR"]
[Result "1/2-1/2"]
[WhiteElo "1892"]
[BlackElo "1826"]
[Annotator "NA"]
[PlyCount "169"]
[EventDate "2020.09.19"]
[EventType "swiss (blitz)"]

1. e4 e5 2. Nf3 Nc6 3. Bc4 Nf6 4. d4 exd4 5. e5 Ng4 6. O-O Be7 7. Re1 d6 8. exd6 Qxd6 9. Nbd2 O-O 10. Ne4 Qd8 11. h3 Nf6 12. Ng3 Re8 13. Bg5 h6 14. Bc1 Bf8 15. b3 Be6 16. Bxe6 Rxe6 17. Rxe6 fxe6 18. Bb2 e5 19. Qe2 Qd5 20. Re1 Re8 21. Nd2 Bb4 22. a3 Bd6 23. Nde4 Nxe4 24. Nxe4 Bf8 25. Qg4 Qe6 26. Qg3 Nd8 27. Kh2 Qd5 28. Qd3 Ne6 29. Qg3 Be7 30. Qg6 Qd7 31. Ng3 Nf4 32. Qe4 Bf6 33. Bxd4 exd4 34. Qxe8+ Qxe8 35. Rxe8+ Kf7 36. Rc8 Be5 37. Rb8 b6 38. Ra8 a5 39. Kg1 d3 40. cxd3 Nxd3 41. Ne2 Nc5 42. b4 axb4 43. axb4 Nd3 44. b5 Bd6 45. f4 Nxf4 46. Kf1 Nd5 47. Nd4 Bc5 48. Nc6 Ne3+ 49. Ke2 Nc4 50. Nd8+ Ke7 51. Nb7 Bd4 52. Kd3 Nd6 53. Kxd4 Nxb7 54. Ra7 Nd6 55. Rxc7+ Kd8 56. Rc6 Kd7 57. Kd5 Nxb5 58. Rg6 Nc3+ 59. Kc4 Ne4 60. Rxg7+ Ke6 61. Kb5 Nd6+ 62. Kxb6 Nf5 63. Rg6+ Kf7 64. Rxh6 Nxh6 65. g4 Nf5 66. Kc5 Nh4 67. g5 Kg6 68. Kd5 Kxg5 69. Ke4 Ng2 70. Kf3 Kh4 71. Kxg2 Kh5 72. Kh2 Kh6 73. Kg3 Kh7 74. Kg4 Kh8 75. h4 Kg8 76. h5 Kh8 77. Kh4 Kg8 78. Kg5 Kh8 79. Kg4 Kg8 80. Kh4 Kh8 81. Kg5 Kg8 82. Kg6 Kh8 83. h6 Kg8 84. h7+ Kh8 85. Kh6 1/2-1/2

[Event "Play for Durgesh Fundraiser Blitz"]
[Site "Vishy Anand Arena"]
[Date "2020.09.19"]
[Round "9"]
[White "Khs95"]
[Black "Swayham"]
[Result "1-0"]
[WhiteElo "1890"]
[BlackElo "2048"]
[Annotator "NA"]
[PlyCount "85"]
[EventDate "2020.09.19"]
[EventType "swiss (blitz)"]

1. b3 Nf6 2. f4 d5 3. d3 c5 4. h3 Nc6 5. g4 e5 6. f5 h5 7. g5 Nh7 8. g6 Qh4+ 9. Kd2 Nf6 10. gxf7+ Kxf7 11. Nf3 Qb4+ 12. c3 Qb6 13. Kc2 Bxf5 14. Nh4 Bh7 15. Bg2 e4 16. dxe4 dxe4 17. Kb2 c4 18. Rf1 Bc5 19. Qd5+ Kf8 20. Qxc4 Bf2 21. Bg5 Ne5 22. Qa4 Ke7 23. Na3 Rhd8 24. Rad1 Bxh4 25. Bxh4 Rxd1 26. Rxd1 Qe3 27. Qb5 Ke6 28. Nc2 Qb6 29. Nd4+ Kf7 30. Qxe5 Re8 31. Qf4 Qa6 32. Bxf6 gxf6 33. Qc7+ Re7 34. Qc5 Bg6 35. e3 h4 36. Bf1 b5 37. Bxb5 Qc8 38. Bc4+ Kg7 39. Qxe7+ Kh6 40. Qxf6 Qxh3 41. Qh8+ Kg5 42. Rg1+ Qg2+ 43. Rxg2# 1-0

[Event "Play for Durgesh Fundraiser Blitz"]
[Site "Vishy Anand Arena"]
[Date "2020.09.19"]
[Round "9"]
[White "neshaqn"]
[Black "chessking2003 qw"]
[Result "0-1"]
[WhiteElo "1887"]
[BlackElo "1761"]
[Annotator "NA"]
[PlyCount "132"]
[EventDate "2020.09.19"]
[EventType "swiss (blitz)"]

1. d4 f5 2. Bg5 h6 3. Bh4 Nf6 4. e3 g5 5. Bg3 e6 6. h4 Rg8 7. hxg5 hxg5 8. Be5 Bg7 9. Bxf6 Qxf6 10. Be2 g4 11. Nc3 b6 12. f3 Bb7 13. Qd2 gxf3 14. Nxf3 Nc6 15. O-O-O O-O-O 16. Kb1 Bh6 17. Rdg1 Rg3 18. d5 Ne5 19. Qd4 Bg7 20. Nb5 Nxf3 21. Bxf3 Qxd4 22. exd4 a6 23. Nc3 Bxd4 24. Rd1 Bxc3 25. bxc3 e5 26. Rhf1 e4 27. Bh5 Rf8 28. Rf2 Rxc3 29. Rdf1 Bxd5 30. Rxf5 Rxf5 31. Rxf5 c6 32. Rf8+ Kc7 33. Rf1 Rg3 34. Rf2 e3 35. Re2 Bxg2 36. Bg6 Rf3 37. Kb2 Bf1 38. Re1 e2 39. Bd3 Rf2 40. Kc1 Kd6 41. Kd2 a5 42. a4 Rf8 43. Bxe2 Re8 44. Bxf1 Rxe1 45. Kxe1 Kc5 46. Kd2 Kb4 47. c3+ Kxa4 48. Kc2 b5 49. Bd3 b4 50. c4 b3+ 51. Kb2 Kb4 52. Be2 a4 53. Bd1 a3+ 54. Kc1 Kc3 55. Kb1 b2 56. Ka2 Kxc4 57. Bc2 c5 58. Bb3+ Kc3 59. Bc2 Kd2 60. Bb3 c4 61. Kxa3 Kc1 62. Ka4 b1=Q 63. Ka5 Qxb3 64. Ka6 c3 65. Ka7 Kd1 66. Ka8 c2 0-1

[Event "Play for Durgesh Fundraiser Blitz"]
[Site "Vishy Anand Arena"]
[Date "2020.09.19"]
[Round "9"]
[White "aaronreeve"]
[Black "Adireddyarjun"]
[Result "1-0"]
[WhiteElo "1863"]
[BlackElo "1649"]
[Annotator "NA"]
[PlyCount "151"]
[EventDate "2020.09.19"]
[EventType "swiss (blitz)"]

1. e3 d5 2. d4 Nf6 3. c4 c6 4. cxd5 cxd5 5. Nc3 Nc6 6. Nf3 e6 7. Bd3 Bb4 8. O-O O-O 9. e4 Bxc3 10. e5 Bxd4 11. Nxd4 Nxd4 12. Bg5 Nf5 13. Bxf5 exf5 14. exf6 gxf6 15. Bh6 Re8 16. Qf3 Qd6 17. Rfe1 Rxe1+ 18. Rxe1 Be6 19. Re3 Kh8 20. Qh5 Rg8 21. Rh3 Qe5 22. Be3 Rg7 23. Qh6 f4 24. Rh5 Qxb2 25. Bxf4 Qb1+ 26. Bc1 Qg6 27. g3 Qxh6 28. Bxh6 Rg6 29. Rh4 f5 30. Bf8 Kg8 31. Bd6 f6 32. Rb4 Rg7 33. Kf1 b6 34. Ke2 Kf7 35. Kd2 Ke8 36. Bf4 Kd7 37. Ke3 Kc6 38. Kd4 Rd7 39. f3 b5 40. a4 bxa4 41. Rxa4 Kb5 42. Ra1 a5 43. Rb1+ Ka6 44. Kc5 Rb7 45. Re1 Rb6 46. Bd6 Rb5+ 47. Kc6 Bc8 48. Bc5 Bb7+ 49. Kd6 a4 50. Ra1 a3 51. Rxa3+ Ra5 52. Rb3 Rb5 53. Re3 Ra5 54. Re7 Kb5 55. Rc7 Kc4 56. Rxb7 Kd3 57. Rb4 Ke2 58. Rd4 Ra6+ 59. Kxd5 Ra5 60. Rf4 Rxc5+ 61. Kxc5 Ke3 62. Rxf5 Kf2 63. Rxf6 Kg2 64. Rh6 Kxf3 65. Rxh7 Kg2 66. h4 Kf2 67. h5 Kxg3 68. h6 Kg4 69. Rg7+ Kf4 70. h7 Ke3 71. h8=Q Kd2 72. Qf8 Kc2 73. Qf5+ Kc1 74. Rg3 Kb2 75. Qf2+ Ka1 76. Rg1# 1-0

[Event "Play for Durgesh Fundraiser Blitz"]
[Site "Vishy Anand Arena"]
[Date "2020.09.19"]
[Round "9"]
[White "Namitbir Singh"]
[Black "Abdulkalam25677853"]
[Result "1-0"]
[WhiteElo "1858"]
[BlackElo "1633"]
[Annotator "NA"]
[PlyCount "81"]
[EventDate "2020.09.19"]
[EventType "swiss (blitz)"]

1. e4 c5 2. Nf3 d6 3. d4 cxd4 4. Nxd4 Nf6 5. Nc3 a6 6. Bg5 e6 7. f4 Nbd7 8. Qf3 Qc7 9. O-O-O b5 10. Bd3 Bb7 11. Rhe1 Rc8 12. Qh3 Qb6 13. e5 dxe5 14. fxe5 Nd5 15. Nxd5 Bxd5 16. Nb3 a5 17. Kb1 a4 18. Nc1 b4 19. Be4 Bxe4 20. Rxe4 Qc6 21. Red4 Qxc2+ 22. Ka1 a3 23. Qb3 axb2+ 24. Qxb2 Qxb2+ 25. Kxb2 Rc7 26. Kb3 Nc5+ 27. Kb2 Na4+ 28. Kb3 Nc5+ 29. Kb2 f6 30. exf6 gxf6 31. Bxf6 Rg8 32. Be5 Rxg2+ 33. Ka1 Ra7 34. Rxb4 Be7 35. Rb8+ Kf7 36. Rf1+ Kg6 37. Rg8+ Kh6 38. Rxg2 Nd3 39. Rf3 Nxe5 40. Rh3+ Bh4 41. Rxh4# 1-0

[Event "Play for Durgesh Fundraiser Blitz"]
[Site "Vishy Anand Arena"]
[Date "2020.09.19"]
[Round "9"]
[White "Twobrothers"]
[Black "Padmaesh M K"]
[Result "0-1"]
[WhiteElo "1856"]
[BlackElo "1929"]
[PlyCount "32"]
[EventDate "2020.09.19"]
[EventType "swiss (blitz)"]

1. e4 c5 2. d4 cxd4 3. c3 g6 4. Nf3 Bg7 5. cxd4 d6 6. Nc3 Nc6 7. Bc4 Nf6 8. O-O O-O 9. h3 e6 10. Qe2 d5 11. Bb3 dxe4 12. Nxe4 Nd5 13. Bxd5 exd5 14. Nc3 Re8 15. Qd3 Be6 16. Bf4 Qb6 0-1

[Event "Play for Durgesh Fundraiser Blitz"]
[Site "Vishy Anand Arena"]
[Date "2020.09.19"]
[Round "9"]
[White "Kingofblitz"]
[Black "Ccc2016"]
[Result "1-0"]
[WhiteElo "1830"]
[BlackElo "1952"]
[Annotator "NA"]
[PlyCount "85"]
[EventDate "2020.09.19"]
[EventType "swiss (blitz)"]

1. c4 e6 2. Nc3 d5 3. d4 Nf6 4. Nf3 Be7 5. Bf4 c5 6. e3 cxd4 7. Nxd4 O-O 8. Be2 Nc6 9. Nf3 a6 10. O-O dxc4 11. Bxc4 b5 12. Bb3 Bb7 13. a4 b4 14. Ne2 a5 15. Ned4 Nxd4 16. Nxd4 Nd5 17. Bg3 Bd6 18. e4 Bxg3 19. hxg3 Nf6 20. e5 Nd5 21. Nb5 Ba6 22. Re1 Bxb5 23. axb5 Qb6 24. Qe2 Nc7 25. Bc4 a4 26. Red1 Rfc8 27. Rd6 Qa5 28. b6 Ne8 29. b7 Nxd6 30. exd6 Rd8 31. bxa8=Q Qxa8 32. Rd1 a3 33. bxa3 bxa3 34. d7 g6 35. Ba6 Qc6 36. Bc8 Qa4 37. Rd2 h5 38. Ra2 h4 39. Qc2 Qb4 40. gxh4 Qe1+ 41. Kh2 Qe5+ 42. g3 Qc5 43. Qxc5 1-0

[Event "Play for Durgesh Fundraiser Blitz"]
[Site "Vishy Anand Arena"]
[Date "2020.09.19"]
[Round "9"]
[White "thor_attack"]
[Black "SAIMANIVANNAN"]
[Result "0-1"]
[WhiteElo "1830"]
[BlackElo "1615"]
[Annotator "NA"]
[PlyCount "76"]
[EventDate "2020.09.19"]
[EventType "swiss (blitz)"]

1. e4 c5 2. Nf3 d6 3. d4 cxd4 4. Nxd4 Nf6 5. Nc3 e6 6. g4 h6 7. h4 Nc6 8. Nxc6 bxc6 9. Rg1 h5 10. g5 Ng4 11. Be2 e5 12. Bxg4 hxg4 13. Rh1 Be6 14. Be3 d5 15. exd5 cxd5 16. Ne2 d4 17. Bd2 Bd6 18. c3 Bd5 19. Rg1 d3 20. Nc1 Qe7 21. Qxg4 e4 22. Be3 Rd8 23. Nb3 g6 24. Nd4 Bc5 25. Qd1 Qb7 26. Qa4+ Kf8 27. O-O-O Bxd4 28. Bxd4 Rxh4 29. Qa3+ Kg8 30. Rh1 e3 31. Rxh4 d2+ 32. Kb1 Be4+ 33. Ka1 Rxd4 34. cxd4 e2 35. Rh8+ Kxh8 36. Qf8+ Kh7 37. Qh6+ Kg8 38. Qf8+ Kxf8 0-1

[Event "Play for Durgesh Fundraiser Blitz"]
[Site "Vishy Anand Arena"]
[Date "2020.09.19"]
[Round "9"]
[White "Kushal Jani"]
[Black "Shriya R"]
[Result "0-1"]
[WhiteElo "1819"]
[BlackElo "1852"]
[Annotator "NA"]
[PlyCount "130"]
[EventDate "2020.09.19"]
[EventType "swiss (blitz)"]

1. Nf3 c5 2. e4 Nc6 3. d4 cxd4 4. Nxd4 e6 5. Nc3 Qc7 6. Be3 a6 7. Be2 Nf6 8. O-O Be7 9. f4 d6 10. Qe1 O-O 11. Kh1 Nxd4 12. Bxd4 Nd7 13. Qg3 Bf6 14. Bxf6 Nxf6 15. e5 dxe5 16. fxe5 Nd7 17. Bf3 Qxe5 18. Qxe5 Nxe5 19. Be4 Rb8 20. Rae1 f6 21. Ne2 Bd7 22. Nd4 Rfc8 23. c3 b5 24. Bc2 a5 25. Bb3 Rb6 26. g4 Nc4 27. g5 e5 28. Nc2 Bc6+ 29. Kg1 Bd5 30. gxf6 gxf6 31. Ne3 Nxe3 32. Rxe3 Bxb3 33. axb3 Rd6 34. Ra1 Ra8 35. Kf2 Kf7 36. Kf3 Rd2 37. Re2 Rd6 38. Rg1 Rg8 39. Ra1 Ra6 40. Re4 Ke6 41. Rh4 Rg7 42. Rh6 Kf5 43. Ke3 Kg5 44. Rh3 f5 45. Rg1+ Kf6 46. Rh6+ Rg6 47. Rgxg6+ hxg6 48. Rh7 a4 49. bxa4 bxa4 50. Rb7 a3 51. bxa3 Rxa3 52. Rb6+ Kg5 53. h4+ Kxh4 54. Rxg6 Rxc3+ 55. Ke2 Rg3 56. Rh6+ Kg4 57. Rh8 Kf4 58. Rh4+ Rg4 59. Rh8 e4 60. Kf1 Kf3 61. Rh3+ Rg3 62. Rh2 f4 63. Rf2+ Kg4 64. Re2 e3 65. Rg2 Rxg2 0-1

[Event "Play for Durgesh Fundraiser Blitz"]
[Site "Vishy Anand Arena"]
[Date "2020.09.19"]
[Round "9"]
[White "An_2356"]
[Black "Hrishikeshrr"]
[Result "1-0"]
[WhiteElo "1808"]
[BlackElo "1720"]
[Annotator "NA"]
[PlyCount "29"]
[EventDate "2020.09.19"]
[EventType "swiss (blitz)"]

1. e4 c6 2. d4 d5 3. Nc3 dxe4 4. Nxe4 Nf6 5. Nxf6+ gxf6 6. Nf3 Be6 7. Be3 h5 8. Bd3 Bh6 9. Qd2 Bxe3 10. Qxe3 Nd7 11. O-O-O Bxa2 12. b3 Qa5 13. Kb2 Qb6 14. Rhe1 a5 15. Qxe7# 1-0

[Event "Play for Durgesh Fundraiser Blitz"]
[Site "Vishy Anand Arena"]
[Date "2020.09.19"]
[Round "9"]
[White "MirageFafnir"]
[Black "Poorvi_2005"]
[Result "1-0"]
[WhiteElo "1793"]
[BlackElo "1724"]
[Annotator "NA"]
[PlyCount "67"]
[EventDate "2020.09.19"]
[EventType "swiss (blitz)"]

1. e4 c5 2. Nf3 Nc6 3. d3 e6 4. Be2 Nf6 5. O-O Bd6 6. Bg5 h6 7. Bh4 g5 8. Bg3 Bxg3 9. hxg3 g4 10. Nh4 h5 11. Nd2 b6 12. c3 Bb7 13. f3 Qc7 14. f4 O-O-O 15. a4 d5 16. e5 Nd7 17. Rc1 d4 18. cxd4 Nxd4 19. b4 Kb8 20. bxc5 Nxc5 21. a5 Nxe2+ 22. Qxe2 Rxd3 23. axb6 axb6 24. Kh2 Rhd8 25. Nc4 Ne4 26. Nd6 Nxd6 27. Rxc7 Ne4 28. Rxb7+ Kxb7 29. Qxe4+ Kb8 30. f5 R8d4 31. Qc6 Rb4 32. fxe6 fxe6 33. Rf8+ Ka7 34. Ra8# 1-0

[Event "Play for Durgesh Fundraiser Blitz"]
[Site "Vishy Anand Arena"]
[Date "2020.09.19"]
[Round "9"]
[White "anandfan"]
[Black "Aditya_06"]
[Result "1-0"]
[WhiteElo "1793"]
[BlackElo "1803"]
[Annotator "NA"]
[PlyCount "57"]
[EventDate "2020.09.19"]
[EventType "swiss (blitz)"]

1. d4 Nf6 2. Nc3 d5 3. Bg5 e6 4. e4 dxe4 5. Nxe4 Be7 6. Bxf6 Bxf6 7. Nf3 Be7 8. Bd3 Nd7 9. Qe2 Nf6 10. O-O-O c6 11. Kb1 Qc7 12. Ne5 c5 13. Bb5+ Bd7 14. dxc5 Qxe5 15. Nxf6+ Bxf6 16. Qxe5 Bxe5 17. Rxd7 O-O 18. Rxb7 Rab8 19. c6 Rfc8 20. g3 a6 21. Ba4 Kf8 22. Rd1 Rxb7 23. cxb7 Rb8 24. Rd7 h6 25. c4 f5 26. c5 Ke8 27. Rxg7+ Kd8 28. Rd7+ Ke8 29. Rd5+ 1-0

[Event "Play for Durgesh Fundraiser Blitz"]
[Site "Vishy Anand Arena"]
[Date "2020.09.19"]
[Round "9"]
[White "PRANAVAJ"]
[Black "Zoyanizar"]
[Result "0-1"]
[WhiteElo "1790"]
[BlackElo "1397"]
[Annotator "NA"]
[PlyCount "64"]
[EventDate "2020.09.19"]
[EventType "swiss (blitz)"]

1. e4 c5 2. Nc3 e6 3. f4 Nc6 4. Nf3 d6 5. Bb5 Bd7 6. O-O a6 7. Bxc6 Bxc6 8. d3 Nf6 9. h3 g6 10. Kh2 Bg7 11. g4 Qc7 12. a4 b5 13. axb5 axb5 14. Rxa8+ Bxa8 15. Nxb5 Qb6 16. Nc3 O-O 17. f5 exf5 18. gxf5 Qc7 19. Bf4 Nh5 20. Qd2 Nxf4 21. Qxf4 Qe7 22. Ng5 Be5 23. h4 Bxf4+ 24. Rxf4 Qe5 25. Kg3 gxf5 26. exf5 Qe3+ 27. Nf3 h5 28. f6 Kh7 29. Rf5 Rg8+ 30. Rg5 Rxg5+ 31. hxg5 Qxf3+ 32. Kh2 Qg2# 0-1

[Event "Play for Durgesh Fundraiser Blitz"]
[Site "Vishy Anand Arena"]
[Date "2020.09.19"]
[Round "9"]
[White "vaca100"]
[Black "Mukunda2507"]
[Result "1-0"]
[WhiteElo "1786"]
[BlackElo "1691"]
[Annotator "NA"]
[PlyCount "33"]
[EventDate "2020.09.19"]
[EventType "swiss (blitz)"]

1. e4 c5 2. Nc3 Nc6 3. f4 d6 4. Nf3 g6 5. Bc4 Bg7 6. O-O e6 7. d4 Nxd4 8. Be3 Nxf3+ 9. Qxf3 Ne7 10. f5 gxf5 11. exf5 Nxf5 12. g4 Rg8 13. Kh1 Be5 14. gxf5 Qh4 15. Bf4 Bxf4 16. Qxf4 a6 17. Qxh4 1-0

[Event "Play for Durgesh Fundraiser Blitz"]
[Site "Vishy Anand Arena"]
[Date "2020.09.19"]
[Round "9"]
[White "Suryakhanal"]
[Black "Shivanthm"]
[Result "0-1"]
[WhiteElo "1783"]
[BlackElo "1612"]
[Annotator "NA"]
[PlyCount "88"]
[EventDate "2020.09.19"]
[EventType "swiss (blitz)"]

1. d4 Nf6 2. Bf4 d5 3. e3 c5 4. c3 Nc6 5. Nd2 Bf5 6. Qb3 Qb6 7. dxc5 Qxb3 8. axb3 e5 9. Bg5 Bxc5 10. b4 Bd6 11. Ngf3 h6 12. Bh4 g5 13. Bg3 Nh5 14. Bb5 Nxg3 15. hxg3 Rh7 16. Nb3 Kd8 17. Rd1 Ne7 18. Rd2 g4 19. Ng1 Kc7 20. Ne2 a6 21. Bd3 e4 22. Bc2 Be5 23. Ned4 Be6 24. Ke2 Nc6 25. Ra1 Bxd4 26. exd4 b6 27. Ra3 Bc8 28. Rd1 f5 29. Rda1 Nd8 30. Ke3 Ne6 31. Bd1 Bb7 32. Be2 Rf7 33. Bxa6 Bxa6 34. Rxa6 Rxa6 35. Rxa6 Kb7 36. Ra1 f4+ 37. gxf4 Nxf4 38. g3 Nd3 39. Rh1 Rxf2 40. Rxh6 Rxb2 41. Rh7+ Ka6 42. Nd2 Rc2 43. c4 Rc1 44. c5 Re1# 0-1

[Event "Play for Durgesh Fundraiser Blitz"]
[Site "Vishy Anand Arena"]
[Date "2020.09.19"]
[Round "9"]
[White "Avichaljadeja02"]
[Black "Harry Grieve"]
[Result "0-1"]
[WhiteElo "1764"]
[BlackElo "1989"]
[Annotator "NA"]
[PlyCount "128"]
[EventDate "2020.09.19"]
[EventType "swiss (blitz)"]

1. e4 c5 2. Nf3 e6 3. d4 cxd4 4. Nxd4 Nc6 5. Be3 Nf6 6. f3 d5 7. Nc3 Bb4 8. Qd2 dxe4 9. Nxc6 Qxd2+ 10. Bxd2 bxc6 11. Nxe4 Bxd2+ 12. Nxd2 a5 13. O-O-O Ke7 14. Bd3 Ba6 15. Bxa6 Rxa6 16. Nc4 Nd5 17. Rhe1 a4 18. Ne3 Nxe3 19. Rxe3 Rd8 20. Rxd8 Kxd8 21. Kd2 Kc7 22. Re4 a3 23. b3 c5 24. Kc3 Kd6 25. Rh4 h6 26. Rg4 g6 27. Rh4 h5 28. g4 hxg4 29. fxg4 f5 30. h3 f4 31. Rh6 f3 32. Rxg6 Ke5 33. Kd2 Ke4 34. Rg5 e5 35. Rf5 Rd6+ 36. Ke1 Rh6 37. Rh5 Rf6 38. Rf5 Rh6 39. Rh5 Rd6 40. Rf5 Rd4 41. h4 c4 42. h5 cxb3 43. cxb3 Ke3 44. Rxe5+ Kf4 45. Re6 Kxg4 46. h6 Rd7 47. Kf2 Rd2+ 48. Ke3 Rxa2 49. Rg6+ Kf5 50. Rg7 Rh2 51. Rf7+ Ke6 52. Rxf3 a2 53. Kd3 a1=Q 54. Rg3 Kd5 55. Rg5+ Kc6 56. Rg6+ Kb5 57. Rg5+ Kb4 58. Rg4+ Kxb3 59. Rg6 Qc3+ 60. Ke4 Rh4+ 61. Kf5 Qa5+ 62. Kf6 Rb4 63. Kg7 Ka4 64. Kh7 Qa7+ 0-1

[Event "Play for Durgesh Fundraiser Blitz"]
[Site "Vishy Anand Arena"]
[Date "2020.09.19"]
[Round "9"]
[White "Aniketmohapatra"]
[Black "Sanjith S"]
[Result "1-0"]
[WhiteElo "1731"]
[BlackElo "1453"]
[Annotator "NA"]
[PlyCount "89"]
[EventDate "2020.09.19"]
[EventType "swiss (blitz)"]

1. d4 d5 2. c4 e6 3. Nf3 Nf6 4. Nc3 Be7 5. Bg5 O-O 6. e3 c6 7. cxd5 cxd5 8. Bd3 Nbd7 9. O-O h6 10. Bh4 b6 11. Rc1 Re8 12. Bb1 Bf8 13. Ne5 Bd6 14. Nc6 Qc7 15. Nb5 Qb7 16. Nxd6 Qa6 17. Nxe8 Nxe8 18. Ne7+ Kf8 19. Nxc8 Rxc8 20. Qb3 Rxc1 21. Rxc1 Nef6 22. Qc3 g6 23. Qc8+ Qxc8 24. Rxc8+ Kg7 25. Rc7 a5 26. Bxf6+ Nxf6 27. Rb7 Ne4 28. Bxe4 dxe4 29. Rxb6 Kf6 30. Ra6 g5 31. Rb6 h5 32. Rb5 Kg6 33. Rxa5 f5 34. Ra6 Kf6 35. b4 f4 36. b5 Kf5 37. b6 e5 38. dxe5 Kxe5 39. b7 fxe3 40. b8=Q+ Kd4 41. Qb6+ Kd3 42. Ra3+ Ke2 43. Qxe3+ Kd1 44. Qxe4 Kd2 45. Rd3+ 1-0

[Event "Play for Durgesh Fundraiser Blitz"]
[Site "Vishy Anand Arena"]
[Date "2020.09.19"]
[Round "9"]
[White "Manasa_chess lady"]
[Black "Passedpawnindia"]
[Result "1-0"]
[WhiteElo "1730"]
[BlackElo "1780"]
[Annotator "NA"]
[PlyCount "85"]
[EventDate "2020.09.19"]
[EventType "swiss (blitz)"]

1. e4 c5 2. Nc3 Nc6 3. g3 g6 4. Bg2 Bg7 5. d3 e6 6. Nge2 Nge7 7. Be3 d6 8. O-O O-O 9. Qd2 Nd4 10. Nd1 f5 11. c3 Nxe2+ 12. Qxe2 Nc6 13. f4 Bd7 14. e5 dxe5 15. Bxc5 Re8 16. fxe5 Nxe5 17. Bxb7 Rb8 18. Ba6 Qa5 19. d4 Ng4 20. Bc4 Kh8 21. h3 Nf6 22. Kh2 Qc7 23. Bb3 Ne4 24. Rg1 Nxc5 25. dxc5 Qxc5 26. Ne3 Bc6 27. Rae1 a5 28. Qc4 Qb6 29. Nd1 Bd5 30. Qd3 Bxb3 31. axb3 Qxb3 32. Re2 Rbd8 33. Qc2 Qb6 34. Ne3 Rd7 35. Nc4 Qc7 36. Rge1 Qxc4 37. Rxe6 Rxe6 38. Rxe6 Qxe6 39. h4 Qe3 40. Kh3 f4 41. Qf2 Rd6 42. Qxf4 Qf2 43. Qxf2 1-0

[Event "Play for Durgesh Fundraiser Blitz"]
[Site "Vishy Anand Arena"]
[Date "2020.09.19"]
[Round "9"]
[White "Sohammdh"]
[Black "pranay20"]
[Result "1-0"]
[WhiteElo "1727"]
[BlackElo "1547"]
[Annotator "NA"]
[PlyCount "31"]
[EventDate "2020.09.19"]
[EventType "swiss (blitz)"]

1. e4 c5 2. Nf3 d6 3. Bb5+ Bd7 4. Bxd7+ Qxd7 5. O-O Nc6 6. c4 Nf6 7. Nc3 g6 8. d4 cxd4 9. Nxd4 Bg7 10. Be3 Ng4 11. Nxc6 Nxe3 12. fxe3 Qxc6 13. Qd5 Qxd5 14. Nxd5 Rc8 15. Rac1 Kd7 16. Rxf7 1-0

[Event "Play for Durgesh Fundraiser Blitz"]
[Site "Vishy Anand Arena"]
[Date "2020.09.19"]
[Round "9"]
[White "VedTheKnight"]
[Black "Saksham2103"]
[Result "1-0"]
[WhiteElo "1724"]
[BlackElo "1532"]
[Annotator "NA"]
[PlyCount "99"]
[EventDate "2020.09.19"]
[EventType "swiss (blitz)"]

1. d4 g6 2. Bf4 Bg7 3. Nc3 Nf6 4. e4 e6 5. Qd2 d5 6. e5 Nfd7 7. Bg5 f6 8. exf6 Bxf6 9. Bxf6 Qxf6 10. Nf3 O-O 11. Be2 c6 12. O-O e5 13. dxe5 Nxe5 14. Nxe5 Qxe5 15. Bf3 Qf4 16. Qxf4 Rxf4 17. Rfe1 Rf8 18. Re7 Bf5 19. Rxb7 Rf7 20. Rxf7 Kxf7 21. Nxd5 Nd7 22. c3 Ne5 23. Nb4 Nxf3+ 24. gxf3 c5 25. Nd5 Be6 26. Nc7 Rd8 27. Nxe6 Kxe6 28. Re1+ Kf6 29. Kg2 Rd2 30. Rb1 c4 31. b3 Rxa2 32. bxc4 Ra4 33. Rb7 Rxc4 34. Rxa7 h5 35. Ra3 Kg5 36. Kg3 h4+ 37. Kh3 Rf4 38. Ra5+ Kh6 39. Kg2 Rc4 40. Ra3 Kg5 41. Rb3 Kh6 42. Kh3 g5 43. Rb6+ Kh5 44. Rb3 Kg6 45. Rb6+ Kf5 46. Rb3 Kf4 47. Rb4 Rxb4 48. cxb4 Kxf3 49. b5 Kxf2 50. Kg4 1-0